[Event "CRO-ch U13"]
[Site "Trogir"]
[Date "2022.06.23"]
[Round "3"]
[White "Miletic, Ivan1111"]
[Black "Tomaic, Nikola"]
[Result "1-0"]
[WhiteElo "1355"]
[BlackElo "1775"]
[PlyCount "83"]
[EventDate "2022.06.22"]
[EventType "swiss"]
[EventRounds "9"]
[EventCountry "CRO"]
[SourceTitle "CBM 209 Extra"]
[Source "ChessBase"]
[SourceDate "2022.09.30"]
[SourceVersion "1"]
[SourceVersionDate "2022.09.30"]
[SourceQuality "1"]

1. e4 c6 2. d4 d5 3. e5 Bf5 4. Nf3 e6 5. Be2 Qb6 6. 0-0 c5 7. c3 Nc6 8. Na3 c4 9. Nc2 Bg4 10. Ne3 Bxf3 11. Bxf3 Nge7 12. h3 Ng6 13. Bh5 Be7 14. f4 0-0 15. g4 Rad8 16. f5 Nh4 17. f6 gxf6 18. exf6 Bd6 19. Qe1 Ng6 20. Bxg6 fxg6 21. h4 Qc7 22. h5 Bh2+ 23. Kg2 Bf4 24. Nd1 Bxc1 25. Rxc1 Qd6 26. hxg6 hxg6 27. Qh4 Kf7 28. Qh7+ Ke8 29. Qxg6+ Rf7 30. Rh1 Qf8 31. g5 Kd7 32. Rh7 Rxh7 33. Qxh7+ Kc8 34. f7 Ne7 35. Ne3 Qh8 36. Qxh8 Rxh8 37. Rh1 Rf8 38. Rh7 Kd7 39. Ng4 Ng6 40. Ne5+ Nxe5 41. dxe5 Ke7 42. g6 1-0